000
00275nam a2200097Ia 4500
001
710084
005
20250826162742.0
008
250824s9999 xx 000 0 und d
245
0
_a
KUYRUKLUYILDIZ ALTINDA BİR İZDİVAÇ
_c
HÜSEYİN RAHMİ GÜRPINAR
260
_b
EVEREST YAYINLARI
999
_c
710084
_d
710084